LEADER 00871nam0-22003011i-450- 001 990001606750403321 005 20050128084202.0 035 $a000160675 035 $aFED01000160675 035 $a(Aleph)000160675FED01 035 $a000160675 100 $a20030910d1924----km-y0itay50------ba 101 0 $aita 200 1 $aOrdinamento fiscale della coltivazione del tabacco in Italia$fLuigi Benincasa 210 $aRoma$cTip. Centenari$d1924 215 $a288 p.$d24 cm 610 0 $aTabacco 610 0 $aImposte dirette 610 0 $aImposte indirette 676 $a336.294 700 1$aBenincasa,$bLuigi$068273 801 0$aIT$bUNINA$gRICA$2UNIMARC 901 $aBK 912 $a990001606750403321 952 $a60 336.271 B 1$b33441$fFAGBC 959 $aFAGBC 996 $aOrdinamento fiscale della coltivazione del tabacco in Italia$9368814 997 $aUNINA